Goigs a llaor de Sant Rupestre de Menhir : que es canten en la seva diada al Dolmen de Pedra Gentil pels membres del Catàleg Monumental de la Província i altres arqueòlegs invitats / E. Colom ; lletra: F. Gurri i J. Vilacis ; música: Santi Riera que es canten en la seva diada al Dolmen de Pedra Gentil pels membres del Catàleg Monumental de la Província i altres arqueòlegs invitats / E. Colom ; lletra:

per Colom, E.

Publicat: Barcelona : Gráf. Campás , 1969
Descripció física: 1 f. : il. ; 36 cm

MARC

LEADER 00000nam a2200000Ia 4500
001 23602
008 160829s1969 xx 000 0 cat d
080 |a Calaixera A-353 
100 |a Colom, E.  |9 49008 
245 |a Goigs a llaor de Sant Rupestre de Menhir :  |b  que es canten en la seva diada al Dolmen de Pedra Gentil pels membres del Catàleg Monumental de la Província i altres arqueòlegs invitats / E. Colom ; lletra:  |b  F. Gurri i J. Vilacis ; música:  |b  Santi Riera 
260 |a Barcelona :  |b Gráf. Campás,  |c 1969 
300 |a 1 f. :  |b  il. ;  |c 36 cm 
650 |a Sant Rupestre de Menhir  |x Goigs   |9 49009 
650 |a Goigs catalans  |9 49007 
700 |a Gurri i Serra, Francesc   |9 49010 
700 |a Vilacis, J.   |9 49011 
700 |a Riera, Santi  |9 49012 
901 |a Arxiu 
942 |n 1 
952 |0 0  |1 0  |4 0  |6 CALAIXERA_A353  |7 1  |9 55034  |a Arxiu  |b Arxiu  |d 2012-08-21  |l 0  |o Calaixera A-353  |p 23602  |r 2016-12-01 00:00:00  |w 2016-12-01  |y ARXIU 
999 |c 58904  |d 58904